Zdjęcia satelitarne - półwyspy - Statystyki

Ogólne statystyki
  • Ten quiz został rozwiązany 2 208 razy
    432 od ostatniego zresetowania
  • Średni wynik to 10 z 14
Statystyki odpowiedzi
Obrazkowy Odpowiedź % Poprawnych
Iberyjski
98%
Koreański
94%
Kalifornijski
88%
Krym
87%
Synaj
78%
Kamczatka
77%
Jutlandzki
76%
Katar
74%
Jukatan
72%
Indochiński
71%
Bretoński
70%
Peloponez
60%
Kornwalia
48%
Jork
35%
Nie znaleziono quizów pasujących do podanych kryteriów
Rozkład punktacji
Procent ludzi z każdym wynikiem
Percentyl według liczby udzielonych odpowiedzi
Twoja historia wyników
Nie rozwiązałeś tego quizu od ostatniego zresetowania